Wszyscy piłkarze w reprezentacji Polski w XXI w. - Statystyki

Ogólne statystyki
  • Ten quiz został rozwiązany 255 razy
  • Średni wynik to 84 z 199
Statystyki odpowiedzi
Pozycja Zawodnik % Poprawnych
Pomocnik Mariusz Lewandowski
97%
Napastnik Robert Lewandowski
97%
Bramkarz Wojciech Szczęsny
94%
Bramkarz Łukasz Fabiański
92%
Napastnik Arkadiusz Milik
90%
Obrońca Kamil Glik
88%
Obrońca Jacek Zieliński
86%
Pomocnik Piotr Zieliński
86%
Bramkarz Artur Boruc
85%
Pomocnik Grzegorz Krychowiak
85%
Napastnik Krzysztof Piątek
85%
Bramkarz Jerzy Dudek
82%
Pomocnik Jakub Błaszczykowski
81%
Pomocnik Kamil Grosicki
81%
Bramkarz Łukasz Skorupski
81%
Napastnik Adam Buksa
80%
Obrońca Łukasz Piszczek
80%
Obrońca Michał Pazdan
80%
Obrońca Jan Bednarek
79%
Obrońca Artur Jędrzejczyk
77%
Pomocnik Damian Szymański
76%
Obrońca Nicola Zalewski
76%
Pomocnik Sebastian Szymański
76%
Bramkarz Kamil Grabara
74%
Napastnik Karol Świderski
74%
Obrońca Bartosz Bereszyński
72%
Pomocnik Przemysław Frankowski
72%
Napastnik Tomasz Frankowski
72%
Pomocnik Jakub Kamiński
70%
Obrońca Jakub Kiwior
70%
Bramkarz Marcin Bułka
70%
Obrońca Marcin Kamiński
70%
Napastnik Emmanuel Olisadebe
69%
Napastnik Euzebiusz Smolarek
69%
Pomocnik Bartosz Kapustka
68%
Obrońca Matty Cash
66%
Obrońca Maciej Rybus
65%
Bramkarz Przemysław Tytoń
65%
Pomocnik Krzysztof Mączyński
64%
Napastnik Marcin Żewłakow
63%
Obrońca Michał Żewłakow
63%
Pomocnik Jakub Moder
62%
Pomocnik Sebastian Mila
61%
Napastnik Dawid Nowak
60%
Pomocnik Karol Linetty
59%
Pomocnik Ludovic Obraniak
59%
Obrońca Tomasz Hajto
59%
Obrońca Tymoteusz Puchacz
59%
Bramkarz Bartłomiej Drągowski
58%
Pomocnik Jacek Krzynówek
58%
Obrońca Jakub Wawrzyniak
58%
Napastnik Paweł Brożek
58%
Pomocnik Kacper Urbański
57%
Obrońca Paweł Dawidowicz
57%
Obrońca Thiago Cionek
57%
Pomocnik Mateusz Klich
56%
Napastnik Łukasz Teodorczyk
55%
Pomocnik Sławomir Peszko
55%
Obrońca Bartosz Salamon
54%
Napastnik Dawid Kownacki
53%
Pomocnik Eugen Polanski
53%
Obrońca Jacek Bąk
53%
Pomocnik Jakub Piotrowski
52%
Obrońca Marcin Kowalczyk
52%
Obrońca Sebastian Walukiewicz
52%
Pomocnik Tomasz Jodłowiec
52%
Obrońca Tomasz Kędziora
52%
Obrońca Damien Perquis
50%
Pomocnik Kamil Jóźwiak
49%
Napastnik Maciej Żurawski
49%
Pomocnik Paweł Wszołek
49%
Obrońca Arkadiusz Reca
48%
Pomocnik Roger Guerreiro
48%
Obrońca Sebastian Boenisch
48%
Obrońca Marcin Wasilewski
47%
Pomocnik Michał Skóraś
47%
Pomocnik Rafał Murawski
47%
Pomocnik Bartosz Slisz
46%
Obrońca Dariusz Dudka
46%
Napastnik Ireneusz Jeleń
46%
Pomocnik Jacek Góralski
46%
Pomocnik Jakub Kosecki
46%
Pomocnik Kacper Kozłowski
46%
Obrońca Kamil Piątkowski
46%
Pomocnik Adrian Mierzejewski
45%
Obrońca Łukasz Mierzejewski
45%
Pomocnik Krystian Bielik
44%
Obrońca Arkadiusz Głowacki
43%
Obrońca Łukasz Szukała
43%
Bramkarz Radosław Majdan
43%
Bramkarz Radosław Majecki
42%
Obrońca Mariusz Jop
40%
Napastnik Andrzej Niedzielan
39%
Pomocnik Janusz Gol
39%
Pomocnik Kamil Kosowski
39%
Napastnik Marek Saganowski
39%
Pomocnik Piotr Świerczewski
39%
Pomocnik Radosław Majewski
39%
Pomocnik Waldemar Sobota
39%
Napastnik Artur Sobiech
38%
Napastnik Artur Wichniarek
38%
Pomocnik Damian Kądzior
38%
Napastnik Grzegorz Rasiak
38%
Obrońca Tomasz Wałdoch
38%
Bramkarz Wojciech Kowalewski
38%
Napastnik Kamil Wilczek
37%
Pomocnik Michał Kucharczyk
37%
Pomocnik Rafał Kurzawa
37%
Pomocnik Rafał Wolski
36%
Pomocnik Tomasz Iwan
36%
Pomocnik Przemysław Płacheta
35%
Obrońca Robert Gumny
35%
Pomocnik Adam Matuszczyk
34%
Bramkarz Grzegorz Sandomierski
34%
Obrońca Paweł Olkowski
34%
Obrońca Bartosz Bosacki
33%
Pomocnik Szymon Żurkowski
33%
Napastnik Arkadiusz Piech
32%
Obrońca Marcin Baszczyński
32%
Obrońca Mateusz Wieteska
32%
Obrońca Paweł Bochniewicz
32%
Obrońca Jakub Rzeźniczak
31%
Pomocnik Łukasz Garguła
31%
Obrońca | Pomocnik Radosław Kałużny
31%
Napastnik Radosław Matusiak
31%
Obrońca Tomasz Kłos
31%
Pomocnik Wojciech Łobodziński
31%
Obrońca Marcin Komorowski
30%
Napastnik Marcin Robak
30%
Napastnik Paweł Kryszałowicz
30%
Pomocnik Ariel Borysiuk
29%
Pomocnik Cezary Wilk
29%
Obrońca Patryk Peda
29%
Bramkarz Adam Matysek
28%
Obrońca Michał Helik
28%
Pomocnik Mirosław Szymkowiak
28%
Obrońca Grzegorz Bronowicki
27%
Obrońca Grzegorz Wojtkowiak
27%
Pomocnik Maciej Makuszewski
27%
Pomocnik Michał Żyro
27%
Pomocnik Szymon Pawłowski
27%
Pomocnik Filip Marchwiński
26%
Pomocnik Filip Starzyński
26%
Obrońca Marek Koźmiński
26%
Obrońca Rafał Augustyniak
26%
Napastnik Andrzej Juskowiak
25%
Obrońca Michał Karbownik
25%
Obrońca Paweł Golański
25%
Obrońca Piotr Celeban
25%
Pomocnik Rafał Boguski
25%
Obrońca Tomasz Rząsa
24%
Pomocnik Dominik Furman
23%
Pomocnik Łukasz Trałka
23%
Napastnik Patryk Małecki
23%
Pomocnik Daniel Łukasik
22%
Pomocnik Maciej Iwański
22%
Napastnik Piotr Włodarczyk
22%
Obrońca Seweryn Gancarczyk
22%
Pomocnik Arkadiusz Radomski
21%
Pomocnik Patryk Dziczek
21%
Pomocnik Grzegorz Kaźmierczak
20%
Bramkarz Grzegorz Szamotulski
19%
Napastnik Łukasz Sosin
19%
Pomocnik Marek Zieńczuk
19%
Pomocnik Tomasz Kupisz
19%
Obrońca Maciej Sadlok
18%
Obrońca Mariusz Kukiełka
18%
Napastnik Tomasz Zahorski
18%
Pomocnik Damian Gorawski
17%
Pomocnik Bartosz Karwan
16%
Pomocnik Łukasz Surma
16%
Pomocnik Rafał Grzelak
16%
Pomocnik Tomasz Bandrowski
16%
Pomocnik Tomasz Zdebel
16%
Pomocnik Marcin Kikut
15%
Obrońca Rafał Pietrzak
15%
Obrońca Maciej Stolarczyk
14%
Napastnik Marcin Kuźba
14%
Napastnik Radosław Gilewicz
14%
Pomocnik Dawid Plizga
13%
Obrońca Piotr Polczak
13%
Obrońca Tomasz Kiełbowicz
13%
Napastnik Arkadiusz Woźniak
12%
Pomocnik Marcin Zając
12%
Pomocnik Tomasz Dawidowski
12%
Napastnik Maciej Jankowski
11%
Pomocnik Mateusz Łęgowski
10%
Obrońca Jarosław Bieniuk
8%
Pomocnik Michał Burkhardt
8%
Pomocnik Paweł Kaczorowski
8%
Obrońca Hubert Wołąkiewicz
7%
Napastnik Marcin Mięcel
7%
Bramkarz Michał Gliwa
7%
Obrońca Dariusz Pietrasiak
5%
Obrońca Krzysztof Ratajczyk
5%
Obrońca Mirosław Sznaucner
4%
Obrońca Filip Modelski
3%
Nie znaleziono quizów pasujących do podanych kryteriów
Rozkład punktacji
Procent ludzi z każdym wynikiem
Percentyl według liczby udzielonych odpowiedzi
Twoja historia wyników
Nie rozwiązałeś tego quizu